1805 1194 1703 1884 1543 1677 1707 1858 1472 1004 1482 1289 1594 1295 1953 1863 1614 1317 1025 1015 1736 1009 1394 1534 1114 1013 1427 1187 1619 1951 1196 1329 1870 1126 1848 1464 1834 1025 1340 1094 1098 1051 1411 1547 1721 1602 1310 1728 1577 1075 1995 1007 1012 1056 1593 1809 1259 1216 1097 1700 1260 1736 1232 1751 1317 1233 1366 1140 1274 1733 1348 1557 1400 1278 1537 1316 1280 1367 1515 1322 1945 1144 1797 1690 1481 1938 1963 1438 1268 1860 1695 1601 1228 1489 1086 1576 1366 1340 1003 BCNSPRNW ULIB Ver.6.0+V

เปลี่ยนเป็นภาษาไทย

Change to English
 แสดงรายละเอียดบรรณานุกรม
  กลับหน้าหลัก

Brief Record : Get Marc (ISO 2709) : E-mail record : QR code < ปิดหน้าต่าง
LEADER : 00000nam 2200000uu 4500
001    13399128498
003     ULIB
008    230830s2565||||th 000 0 tha d
020    ^a9786162875045
050  4 ^aBF441^bก889ค
100 1  ^aแกรนต์, อดัม
245 10 ^aคิดแล้ว, คิดอีก =^bThink again /^cผู้เขียน, Adam Grant ; ผู้แปล,วิโรจน์ ภัทรทีปกร
246 31 ^aThink again :^bthe power of knowing what you don t know
260    ^aกรุงเทพฯ :^bวีเลิร์น,^c2565
300    ^a420 หน้า :^bภาพประกอบ ;^c21 ซม.
500    ^aแปลจาก: Think again : the power of knowing what you don tknow
505 0  ^aนักเทศน์ อัยการ นักการเมือง และนักวิทยาศาสตร์ก้าวเข้าสู่ความคิดของคุณ --คนทที่คิดว่าตัวเองเก่งกับคนที่คิดว่าตัวเองไม่เก่ง -- ความสุขใจจากการคิดผิด-- ชมรมการทะเลาะเชิงสร้างสรรค์ -- เต้นรำกับศัตรู --เรื่องบาดหมางบนสนามเบสบอล --ผู้หยั่งรู้เรื่องวัคซีนและนักสอบปากคำผู้ละมุนละม่อม --การสนทนาแบบกระตุ้นอารมณ์ -- เขียนหนังสือเรียนใหม่ --นั่นไม่ใช่แนวทางที่เราทำมาตลอด -- หนีจากมุมมองแบบอุโมงค์
650  4 ^aความคิดและการคิด
650  4 ^aการตั้งคำถาม
650  4 ^aทฤษฎีความรู้
650  4 ^aความเชื่อ
700 0  ^aวิโรจน์ ภัทรทีปกร,^eผู้แปล
700 12 ^aGrant, Adam.^tThink again : the power of knowing what youdon t know
945    ^p395^l0^i010261
999    ^aประนอม เกษจรัล
รายการนี้ยังไม่มีแท็ก
คุณยังไม่ได้ล็อกอิน คุณสามารถมีกิจกรรมร่วมกับเว็บไซต์ได้ แต่ต้องล็อกอินก่อน ::
  ล็อกอิน

รายการสื่อสารสนเทศ

ลำดับที่ ประเภท เลขเรียก/บาร์โค้ด สถานที่ สถานะ
1. การศึกษาทั่วไป
การศึกษาทั่วไป
BF441 ก889ค ฉ.1 
  Barcode: 010261
ห้องสมุดวิทยาเขตสวรรค์ประชารักษ์
►หนังสือทั่วไป
บนชั้น

รายการใกล้เคียง
    หัวเรื่อง [ความคิดและการคิด]
    หัวเรื่อง [ความเชื่อ]

BibComment


ยังไม่เคยถูกคอมเมนท์

คอมเมนท์ทรัพยากรรายการนี้
  คอมเมนท์: คิดแล้ว คิดอีก ..


 Copyright 2026. Bcnsprnw @Library